Analýza miery nezamestnanosti SR v rokoch 1994 - 2011 bakalárska práca

Enregistré dans:
Détails bibliographiques
Auteur principal: Danišová, Erika
Collectivité auteur: Fakulta hospodárskej informatiky EU. Katedra štatistiky
Autres auteurs: Cakl, Arne
Format: Livre
Langue:slovaque
Publié: Bratislava 2012
Tags: Ajouter un tag
Pas de tags, Soyez le premier à ajouter un tag!

MARC

LEADER 00000nbm a2200000 4500
001 0156158
005 20161109111941.9
041 0 |a slo 
044 |a SK 
245 1 0 |a Analýza miery nezamestnanosti SR v rokoch 1994 - 2011  |b bakalárska práca  |c Erika Danišová ; školiteľ: Arne Cakl 
264 1 |a Bratislava  |c 2012 
300 |a 42 s. 
100 1 |a Danišová, Erika 
700 1 |a Cakl, Arne 
710 2 |a Fakulta hospodárskej informatiky EU. Katedra štatistiky